Name all 50 states in just 2 minutes - Statistics

General Stats
  • This quiz has been taken 1,261 times
  • The average score is 29 of 50
Answer Stats
Answer % Correct
California
89%
Florida
78%
Alabama
77%
New york
77%
Alaska
75%
Arizona
72%
Texas
70%
Washington
69%
Hawaii
66%
Idaho
66%
Maine
66%
Arkansas
65%
North Dakota
65%
South Dakota
65%
Georgia
64%
New Mexico
63%
Colorado
62%
North Carolina
62%
South Carolina
62%
Kansas
59%
Michigan
59%
Nevada
59%
New jersey
58%
Oregon
58%
Illinois
57%
Montana
57%
Ohio
56%
Iowa
55%
Delaware
54%
Indiana
54%
New hampshire
54%
Connecticut
53%
Kentucky
53%
Mississippi
53%
Maryland
52%
Utah
50%
Vermont
50%
Virginia
50%
Louisiana
48%
Rhode island
48%
Nebraska
47%
Wyoming
46%
Massachusetts
45%
Missouri
44%
Oklahoma
44%
Tennessee
44%
Pennsylvania
43%
West Virginia
43%
Wisconsin
43%
Minnisota
8%
No matching quizzes found
Score Distribution
Percent of People with Each Score
Percentile by Number Answered
Your Score History
You have not taken this quiz